Geografía mundial contemporánea : los territorios en la economía globalizada /

Guardado en:
Autor Principal: Blanco, Jorge
Otros Autores: Fernández Caso, Victoria, Gurevich, Raquel
Formato: Libro
Publicado: Buenos Aires : Aique, 1999
Series:Aique Polimodal
Materias:
Etiquetas: Agregar Etiqueta
Sin Etiquetas, Sea el primero en etiquetar este registro!
LEADER 02734nam a22003855a 4500
001 CEM.cems009943
008 130507s1999##################000#0#####d
005 20211012180928.0
003 CEMS
245 1 0 |a Geografía mundial contemporánea :  |b los territorios en la economía globalizada /  |c Jorge Blanco ; Victoria Fernández Caso y Raquel Gurevich. 
260 |a Buenos Aires :  |b Aique,  |c 1999 
300 |a 272 p. 
490 0 |a Aique Polimodal 
500 |a Polimodal. 
505 0 |a La organización del espacio geográfico mundial: el nuevo mapa mundial , Expansión del capitalismo y evolución de los espacios mundiales -- Globalización y organización del espacio urbano: la sociedad y la ciudad, las ciudades a través del tiempo, las ciudades de la reestructuración capitalista, nuevas redes urbanas y nuevos espacios en la ciudad -- Globalización y organización del espacio rural: la sociedad y el espacio rural, la producción de alimentos, la producción de energía, los usos del espacio rural -- La circulación en un mundo globalizado: los intercambios comerciales en la economía global, los flujos financieros y las inversiones externas, los movimientos migratorios internacionales, transporte y comunicaciones en la economía global -- Sociedades y ambientes en un mundo globalizado: las relaciones entre la sociedad y la naturaleza, las distintas formas de manejo de los recursos, el desarrollo sustentable, los grandes conjuntos ambientales, las escalas de los problemas ambientales, los acuerdos y desacuerdos sobre medio ambiente y desarrollo, biodiversidad y desarrollo industrial, desastres y sociedad, economía, política y medio ambiente -- Nueva división del trabajo y desarrollo desigual en el mundo global -- Estados y regiones: las distintas divisiones del mundo 
020 |a 9507015272 
100 1 |a Blanco, Jorge 
700 1 |a Fernández Caso, Victoria 
700 1 |a Gurevich, Raquel 
082 0 4 |a Z330.9 
653 |a Geografía 
653 |a Geografía mundial 
653 |a Globalización 
653 |a Economía 
653 |a Recursos 
653 |a Sociedad 
653 |a Espacios rurales y urbanos 
859 |a CEMS  |b BIB. CEMS - 11 de abril  |h 330.9  |i B593  |p 20310.99  |t Ej.1 
859 |a CEMS  |b BIB. CEMS - Agricultura  |h 330.9  |i B593  |p A0101.00  |t Ej.1 
859 |a CEMS  |b BIB. CEMS - 11 de abril  |h 330.9  |i B593  |p 20312.99  |t Ej.2 
859 |a CEMS  |b BIB. CEMS - Agricultura  |h 330.9  |i B593  |p A0232.00  |t Ej.2 
859 |a CEMS  |b BIB. CEMS - 11 de abril  |h 330.9  |i B593  |p 20588.99  |t Ej.3 
859 |a CEMS  |b BIB. CEMS - Agricultura  |h 330.9  |i B593  |p A2939.17  |t Ej.3 
859 |a CEMS  |b BIB. CEMS - 11 de abril  |h 330.9  |i B593  |p 20895.00  |t Ej.4 
859 |a CEMS  |b BIB. CEMS - 11 de abril  |h 330.9  |i B593  |p 21024.00  |t Ej.5